Proceedings of the International Conference on the utilization of Guayule held at Tucson, Arizona on Nov 17-19, 1975 (Record no. 34253)

MARC details
000 -LEADER
fixed length control field 00464nam a2200133Ia 4500
082 ## - DEWEY DECIMAL CLASSIFICATION NUMBER
Classification number NR:63:678.484(063)
Item number McG
245 #0 - TITLE STATEMENT
Title Proceedings of the International Conference on the utilization of Guayule held at Tucson, Arizona on Nov 17-19, 1975
260 ## - PUBLICATION, DISTRIBUTION, ETC. (IMPRINT)
Place of publication Tucson
Name of publisher University of Arizona
Year of publication 1975
650 ## - SUBJECT ADDED ENTRY--TOPICAL TERM
Topical Term Guayule rubber extraction
700 ## - ADDED ENTRY--PERSONAL NAME
Personal name Haase, Edward F
700 ## - ADDED ENTRY--PERSONAL NAME
Personal name Mc Ginnies, Wiliam G
942 ## - ADDED ENTRY ELEMENTS (KOHA)
Koha item type Books
Holdings
Withdrawn status Lost status Damaged status Not for loan Home library Current library Date acquired Cost, normal purchase price Full call number Accession Number Koha item type
        RRII Library RRII Library 16/12/2021 10.00 NR:63:678.484(063) McG 14692 Books